000 01061nac a22003137a 4500
001 BR0601034
003 BR-BrBNA
005 20240105123258.0
008 230509b bl.|||m| |||| 00| 0 por d
040 _aBR-BrBNA
_bpor
_cBiblioteca Nacional de Agricultura
072 _aK10; P01; T01
090 _aK10 BR0601034
110 1 _aInstituto de Pesquisa e Estudos Florestais, Piracicaba, SP (Brasil)
_96113
245 1 _a1. Workshop sobre Monitoramento Ambiental em Áreas Florestadas; Memória
260 3 _aPiracicaba, SP (Brasil):
_c1996.
300 _a79 p.
490 _aSérie Técnica - Instituto de Pesquisas e Estudos Florestais (Brazil)
_vv.10 (29)
_xISSN 100-8137
500 _a7 illus.; 4 tables; 44 ref.
650 _aFLORESTAMENTO
650 _aMEIO AMBIENTE
650 _aPRESERVAÇÃO DA NATUREZA
650 _aRECURSOS NATURAIS
650 _aPOLUIÇÃO AMBIENTAL
650 _aCARBONO
650 _aBACIA HIDROGRÁFICA
650 _aFAUNA SILVESTRE
909 _a202312
_bLúcia Elande
_c55
_dLúcia Elande
942 _2AGRIS
_n0
_cMS
999 _c294746
_d294746